|
|
|
|
| LEADER |
00000cam a2200000 7i4500 |
| 001 |
0000009508 |
| 005 |
20161205.0 |
| 008 |
161130 ilu eng |
| 020 |
|
|
|a 0911780467
|
| 040 |
|
|
|a INS
|
| 090 |
0 |
0 |
|a HD1387
|b A67 1978
|
| 245 |
1 |
4 |
|a The appraisal of real estate
|c American Institute of Real Estates and Appraisers
|
| 250 |
|
|
|a 7th ed.
|
| 260 |
|
|
|a Chicago :
|b American Institute of Real Estates and Appraisers ,
|c 1978
|
| 300 |
|
|
|a viii, 680p. ;
|c 24cm.
|
| 500 |
|
|
|a Includes index
|
| 650 |
|
0 |
|a Real property
|x Valuation
|
| 710 |
1 |
|
|a American Institute of Real Estates and Appraisers
|
| 999 |
|
|
|a 0000024092
|b BOOK
|c Open Shelf
|e Default branch
|